000 00730nam a2200301Ia 4500
001 4072
005 20240113233710.0
007 ta
008 050607s1969 a g b000 u asm u
020 _cHB
040 _aCotton College Assam
041 _aasm
082 _a491.41
_bG 699 As
100 _aGoswami, G.C. .
245 0 _aAsamiya Barna Prakash /
_cG.C. Goswami.
_hTextual Documents
250 _a1st ed /
260 _aGauhati :
_bNew Book Stall ,
_c1969.
300 _a246p. :
_bill. ;
_c22cm .
504 _aIndex
653 _aAssamese Grammar
653 _aG-Languages
942 _2ddc
_cBK
999 _c4060
_d4060